| 000 | 00502nam a2200181 a 4500 | ||
|---|---|---|---|
| 005 | 20140310183212.0 | ||
| 008 | 030421s19uu xx 00 eng d | ||
| 020 | _a0256029660 | ||
| 050 |
_aHF 5635 _b.D746 1985 |
||
| 100 | _aDowell, C. Dwayne | ||
| 245 |
_aStudy guide to accompany advanced accounting / _cC. Dwayne Dowell. |
||
| 260 |
_aIllinois : _bIrwin Inc, _c1985. |
||
| 300 |
_a270 p. : _c28 cm. _bill. ; |
||
| 521 | _aBSA | ||
| 650 | _aAccounting. | ||
| 942 |
_cBK _2lcc _kFOR |
||
| 999 |
_c20168 _d20168 |
||